00992nam a2200265 i 4500001001000000003000900010005001700019007000300036008004100039040003000080082002100110100002900131245011700160260005000277264003600327300004500363336002700408337003400435338002700469500007400496504003200570650003800602650003700640651004900677000016837DO-SdBNP20260427092816.0ta100310s1992 dr a 000 0 spa d aDO-SdBNPbspacBNPHUerda 4a336.2bS232i2221 aSantana, Isidoro,eautor13aEl impacto distributivo de la gestión fiscal en la República Dominicana /cIsidoro Santana, Magdalena Rathe. aSanto Domingo :bFundación Siglo 21,c1992. aSanto Domingo :bTaller,c1992. a268 páginas :bilustraciones ;c24 cm. 2rdacontentatextobtxt 2rdamediaasin mediaciónbnc 2rdacarrieravolumenbn aIncluye referencias bibliográficas y notas al pie de las páginas aBibliografía : p. 264-268 0aImpuestoszRepública Dominicana 0aPolítica de gastos públicos  4aRepública DominicanaxCondiciones sociales